On This Day: June 15th II Quiz Stats

 Plays Quiz Updated Jun 15, 2018

Score 0/7 Timer 03:00
0 Plays Today
Question Answer Wrong Answers
After 1,443 performances, this Rodgers and Hammerstein musical, which features songs like ‘Edelweiss’ and ‘My Favorite Things’, closes on Broadway.
1963
The Sound of Music
91.4%
South Pacific
2.3%
The King and I
1.9%
Oklahoma!
3.4%
This nation holds their first democratic elections since the death of former dictator Francisco Franco.
1977
Spain
85.9%
Dominican Republic
2.4%
Panama
4.4%
Nicaragua
6.1%
The Oregon Treaty establishes the ______ parallel as the border between the United States and Canada, from the Rocky Mountains to the Strait of Juan de Fuca.
1846
49th
71.5%
29th
15.4%
69th
7.9%
89th
4.9%
This Chinese engineer and politician, who became General Secretary of the Communist Party in 2012 and President of China in 2013, is born.
1953
Xi Jinping
64%
Deng Xiaoping
26.3%
Guo Wengui
1.7%
Hu Jintao
7.1%
Operation Ariel begins as Allied troops begin to evacuate ______ following Germany’s take over of most the nation.
1940
France
58.9%
Britain
2%
Poland
34%
Hungary
4.6%
This Christopher Nolan film, which reboots the ‘Batman’ film series, opens in the United States to widespread acclaim.
2005
Batman Begins
55.7%
Batman & Robin
2.3%
The Dark Knight Rises
33.9%
Batman Forever
6.8%
This territory is admitted as the 25th US state, today called ‘The Natural State’.
1836
Arkansas
49.6%
Nebraska
24.5%
Mississippi
6.1%
Minnesota
19.7%

You're not logged in!

Compare scores with friends on all Sporcle quizzes.
OR
Log In

Sporcle TV

Today on Sporcle TV


Watch our educational content, quiz creation guides, and fun videos on Sporcle TV.

Show Comments

Extras

Top Quizzes Today


Score Distribution

Your Account Isn't Verified!

In order to create a playlist on Sporcle, you need to verify the email address you used during registration. Go to your Sporcle Settings to finish the process.

Report this User

Report this user for behavior that violates our Community Guidelines.

Details: